| 000 | 00456pab a2200169 454500 | ||
|---|---|---|---|
| 008 | 180718b1997 xxu||||| |||| 00| 0 eng d | ||
| 100 | _aAlagh, Yoginder K. | ||
| 245 | _aAgriculture in the Ninth Plan: towards diversification and modernization | ||
| 260 | _c1997 | ||
| 300 | _ap.21-25 | ||
| 362 | _aMar-Apr | ||
| 650 | _aEconomic planning - India | ||
| 650 | _aAgriculture - India | ||
| 650 | _aAgriculture | ||
| 773 | _aKurukshetra | ||
| 909 | _a34107 | ||
| 999 |
_c34107 _d34107 |
||